000 00262 a2200109 4500
001 157424
040 _cEscola São Tomás de Aquino
240 1 0 _aComo me tornei um autor
_lpor
245 1 0 _aComo me tornei um autor
697 _a*LITERATURA INFANTIL
942 _cBK
999 _c157424
_d157424